Ekonomika zdieľania a ruská mentalita: kontradikcie a výhľady

Postoj ruských občanov k modelu ekonomiky zdieľania a poskytnutie obrazu o zmene tohto trhu za posledných niekoľko rokov. Prístup a popularita modelu zdieľania zdrojov sa líši v závislosti od veku jednotlivca. Charakterizovaná je možná úloha štátu v regulovaní ekonomiky zdieľania v Rusku.

Salvato in:
Dettagli Bibliografici
Autore principale: Karpovich, Yuliya
Natura: Capitolo di libro
Lingua:inglese
Soggetti:
Tags: Aggiungi Tag
Nessun Tag, puoi essere il primo ad aggiungerne!!

MARC

LEADER 00000naa a2200000 4500
001 0281926
005 20240417075153.4
041 0 |a eng 
044 |a SK 
245 1 0 |a Ekonomika zdieľania a ruská mentalita: kontradikcie a výhľady  |c Yuliya Karpovich 
520 |a Postoj ruských občanov k modelu ekonomiky zdieľania a poskytnutie obrazu o zmene tohto trhu za posledných niekoľko rokov. Prístup a popularita modelu zdieľania zdrojov sa líši v závislosti od veku jednotlivca. Charakterizovaná je možná úloha štátu v regulovaní ekonomiky zdieľania v Rusku. 
610 2 0 |a ekonomika zdieľaná 
610 2 0 |a zdroje prírodné 
610 2 0 |a Rusko 
610 2 0 |a automobily 
100 1 |a Karpovich, Yuliya